| 000 | 00463nam a22001457a 4500 | ||
|---|---|---|---|
| 003 | macl | ||
| 005 | 20180428143748.0 | ||
| 008 | 180428b xxu||||| |||| 00| 0 eng d | ||
| 040 | _cmacl | ||
| 100 |
_aडॉ. रामशरण गौड _972450 |
||
| 245 | _aभारत की प्राचीन कथाएं | ||
| 260 |
_aदिल्ली _bअनिल प्रकाशन _c2016 |
||
| 650 |
_aकहानियां _972451 |
||
| 942 |
_2ddc _cHIN |
||
| 999 |
_c58023 _d58023 |
||